[Event "Strmilov 2004"]
[Site "?"]
[Date "2004.05.07"]
[Round "5"]
[White "Cernousek, Lukas"]
[Black "Cvek, Robert"]
[Result "0-1"]
[WhiteElo "2373"]
[BlackElo "2467"]
[PlyCount "50"]

1. d4 Nf6 2. c4 e6 3. g3 d5 4. Bg2 Bb4+ 5. Bd2 Be7 6. Nf3 O-O 7. O-O c6 8. Qc2
b6 9. b3 Nbd7 10. Rd1 Ba6 11. a4 c5 12. a5 dxc4 13. Ne5 cxb3 14. Qxb3 Nxe5 15.
Bxa8 cxd4 16. Bf4 Qxa8 17. Bxe5 bxa5 18. Rxa5 Bxe2 19. Rxd4 Rc8 20. Qe3 Bf3 21.
Rd3 Bb7 22. f3 Nd5 23. Qe2 Bb4 24. Ra2 Rc1+ 25. Rd1 Bc5+ 0-1

[Event "Strmilov 2004"]
[Site "?"]
[Date "2004.05.07"]
[Round "5"]
[White "Cifka, Stanislav"]
[Black "Havlik, Jan"]
[Result "0-1"]
[WhiteElo "2262"]
[BlackElo "2121"]
[PlyCount "54"]

1. d4 Nf6 2. g3 g6 3. Bg2 Bg7 4. e4 d6 5. Ne2 O-O 6. O-O Nbd7 7. Nbc3 c5 8. h3
Rb8 9. Be3 b6 10. Qd2 Bb7 11. Bh6 cxd4 12. Nxd4 Nc5 13. Bxg7 Kxg7 14. Rfe1 a6
15. Rad1 b5 16. h4 b4 17. e5 Nfd7 18. Nb1 Nxe5 19. Qg5 Kh8 20. h5 Qc7 21. hxg6
fxg6 22. f4 Bxg2 23. Kxg2 Qb7+ 24. Kg1 Rf5 25. Qh4 Rh5 26. fxe5 Rxh4 27. gxh4
Rf8 0-1

[Event "Strmilov 2004"]
[Site "?"]
[Date "2004.05.07"]
[Round "5"]
[White "Gross, DAVID."]
[Black "Spal, Milan"]
[Result "1-0"]
[WhiteElo "2413"]
[BlackElo "2233"]
[PlyCount "89"]

1. e4 g6 2. d4 Bg7 3. Nc3 c6 4. f4 d5 5. e5 h5 6. Nf3 Nh6 7. Be3 Bg4 8. h3 Nf5
9. Bf2 Bxf3 10. Qxf3 h4 11. Bd3 e6 12. O-O Bf8 13. Ne2 Nd7 14. b3 Be7 15. c4 a5
16. Rfc1 Kf8 17. Kh2 Kg7 18. Rc2 a4 19. Rg1 Nf8 20. Rb1 axb3 21. Rxb3 Ra7 22.
Rcb2 Qa8 23. cxd5 cxd5 24. Nc3 Nd7 25. a4 Rc8 26. Bxf5 gxf5 27. g4 hxg3+ 28.
Bxg3 Rh8 29. Rg2 Kf8 30. Be1 b6 31. Qg3 Ke8 32. Nb5 Rb7 33. Rc2 Kd8 34. Qc3 Rg8
35. Qc6 Rb8 36. Qc7+ Ke8 37. Nd6+ Bxd6 38. Qxd6 Rc8 39. Rxc8+ Qxc8 40. Rc3 Qa6
41. Rc2 Rh8 42. Bb4 Rxh3+ 43. Kg2 Rg3+ 44. Kxg3 Qd3+ 45. Kh4 1-0

[Event "Strmilov 2004"]
[Site "?"]
[Date "2004.05.07"]
[Round "5"]
[White "Hadrava, Jaroslav"]
[Black "Prochazka, Pavel"]
[Result "1-0"]
[WhiteElo "1864"]
[BlackElo "1643"]
[PlyCount "55"]

1. e4 e5 2. Nc3 Nc6 3. f4 d6 4. Bc4 Nf6 5. Nf3 Bg4 6. h3 Bxf3 7. Qxf3 Nd4 8.
Qd1 exf4 9. O-O g5 10. Ne2 Nc6 11. d4 Nxe4 12. Bxf7+ Kxf7 13. Nxf4 Nf6 14. Nd5
Bg7 15. Bxg5 Kg6 16. Bxf6 Bxf6 17. Rxf6+ Qxf6 18. Nxf6 Kxf6 19. Qf3+ Kg7 20.
Qg4+ Kh6 21. Qf4+ Kg6 22. h4 Raf8 23. Qg4+ Kf6 24. Re1 Rhg8 25. Qd7 Nxd4 26.
Qe7+ Kf5 27. Rf1+ Kg4 28. Rxf8 1-0

[Event "Strmilov 2004"]
[Site "?"]
[Date "2004.05.07"]
[Round "5"]
[White "Havluj, Zdenek"]
[Black "Novak, Rudolf"]
[Result "0-1"]
[WhiteElo "1958"]
[BlackElo "1557"]
[PlyCount "114"]

1. e4 c5 2. Nf3 d6 3. d4 cxd4 4. Nxd4 a6 5. Nc3 Nf6 6. Bg5 e6 7. f4 Be7 8. Qf3
Qc7 9. O-O-O b5 10. g4 Bb7 11. Bxf6 gxf6 12. Bxb5+ axb5 13. Ndxb5 Qb6 14. f5
Rxa2 15. Nxd6+ Bxd6 16. Nxa2 Be5 17. Nc3 Qa5 18. fxe6 fxe6 19. Qd3 Ba6 20. Qh3
Qa1+ 21. Kd2 Qxb2 22. Rb1 Bxc3+ 23. Qxc3 Qxc3+ 24. Kxc3 Ke7 25. Rb3 Rc8+ 26.
Kd2 Bc4 27. Ra1 Nc6 28. Rb7+ Kd6 29. Rxh7 Rg8 30. h3 Ke5 31. Ke3 Nb4 32. Ra5+
Kd6 33. Rh6 Bf1 34. Kf2 Bc4 35. c3 Nc6 36. Rah5 Rf8 37. Ke3 Bf1 38. Rh7 Nb8 39.
Rb7 Nd7 40. Rh7 Rd8 41. h4 Bh3 42. Kf4 Nf8 43. h5 Rc8 44. Rhf7 f5 45. e5+ Kd5
46. c4+ Rxc4+ 47. Kg5 Rxg4+ 48. Kf6 Rg8 49. Rg7 Rh8 50. Rb8 Nh7+ 51. Rxh7 Rxb8
52. Rd7+ Ke4 53. h6 f4 54. Kg7 Bf5 55. h7 Bxh7 56. Kxh7 Kxe5 57. Kg6 Rg8+ 0-1

[Event "Strmilov 2004"]
[Site "?"]
[Date "2004.05.07"]
[Round "5"]
[White "Hejl, Jaroslav"]
[Black "Ruzicka, Ales"]
[Result "1-0"]
[WhiteElo "1872"]
[BlackElo "1464"]
[PlyCount "57"]

1. d4 Nf6 2. c4 e6 3. Nf3 b6 4. g3 Bb7 5. Bg2 Be7 6. O-O O-O 7. Nc3 d5 8. cxd5
Nxd5 9. Re1 Nxc3 10. bxc3 c5 11. Qc2 Nc6 12. dxc5 Bxc5 13. Ng5 g6 14. Rd1 Qc7
15. Qe4 Nd8 16. Qh4 f6 17. Ne4 Bxe4 18. Bxe4 Rc8 19. Bf4 Qf7 20. Bh6 Re8 21.
Rd3 Nc6 22. Bxc6 Rxc6 23. Rad1 Rc7 24. Rd8 Be7 25. R8d7 Rec8 26. Qe4 e5 27.
Rxc7 Rxc7 28. Qa8+ Bf8 29. Rd8 1-0

[Event "Strmilov 2004"]
[Site "?"]
[Date "2004.05.07"]
[Round "5"]
[White "Horak, Karel"]
[Black "Lauko, Marian"]
[Result "0-1"]
[WhiteElo "1709"]
[BlackElo "1886"]
[PlyCount "52"]

1. d4 d5 2. c4 c6 3. cxd5 cxd5 4. Nc3 Nc6 5. Nf3 e6 6. Bf4 Bd6 7. Bxd6 Qxd6 8.
e3 a6 9. a3 Nf6 10. Bd3 O-O 11. Qc2 b5 12. Rc1 Bb7 13. e4 dxe4 14. Nxe4 Qf4 15.
Nxf6+ Qxf6 16. Bxh7+ Kh8 17. Be4 Rac8 18. Qd2 Rfd8 19. O-O e5 20. Qg5 Nxd4 21.
Qh5+ Kg8 22. Rxc8 Nxf3+ 23. Bxf3 Bxc8 24. Re1 Bf5 25. Be4 Bxe4 26. Rxe4 Qg6 0-1

[Event "Strmilov 2004"]
[Site "?"]
[Date "2004.05.07"]
[Round "5"]
[White "Janecek, Josef"]
[Black "Steinhauser, Frantisek"]
[Result "1/2-1/2"]
[WhiteElo "2099"]
[BlackElo "1775"]
[PlyCount "106"]

1. e4 c5 2. Nf3 d6 3. d4 cxd4 4. Nxd4 Nf6 5. Nc3 g6 6. Be3 Bg7 7. f3 O-O 8. Qd2
Nc6 9. Bc4 Bd7 10. O-O-O Rc8 11. Bb3 Ne5 12. h4 h5 13. Bh6 Bxh6 14. Qxh6 Qa5
15. Nde2 Nc4 16. Nd5 Nxd5 17. Rxd5 Qb6 18. Bxc4 Rxc4 19. Nc3 Be6 20. Rd3 d5 21.
Nxd5 Bxd5 22. exd5 Rfc8 23. c3 Qa6 24. a3 Rxh4 25. Rxh4 Qxd3 26. Qd2 Qb5 27.
Re4 Qc5 28. Qd4 Qd6 29. Qe5 Qc5 30. Rd4 b5 31. f4 f6 32. Qe6+ Kg7 33. Kb1 Re8
34. Qd7 Qc8 35. Qxb5 e5 36. fxe5 Qf5+ 37. Qd3 Qxe5 38. d6 Kf7 39. Qc4+ Kf8 40.
d7 Rd8 41. Qc6 Qf5+ 42. Ka2 Ke7 43. Re4+ Kf7 44. Rd4 Qe6+ 45. Qd5 Rxd7 46.
Qxe6+ Kxe6 47. Rxd7 Kxd7 48. Kb3 f5 49. Kc4 f4 50. Kd4 g5 51. Ke4 h4 52. b4 Kc6
53. c4 Kb6 1/2-1/2

[Event "Strmilov 2004"]
[Site "?"]
[Date "2004.05.07"]
[Round "5"]
[White "Kellner, Petr"]
[Black "Steinhauser, Antonin"]
[Result "1-0"]
[WhiteElo "1972"]
[BlackElo "1714"]
[PlyCount "99"]

1. d4 Nf6 2. c4 g6 3. Nc3 Bg7 4. e4 d6 5. f3 O-O 6. Be3 e5 7. d5 Ne8 8. Nge2 f5
9. Nc1 Nf6 10. Bd3 f4 11. Bf2 Kh8 12. b4 Rf7 13. a4 g5 14. h3 a5 15. bxa5 Rxa5
16. Nb3 Ra8 17. c5 Na6 18. Bxa6 bxa6 19. c6 Kg8 20. a5 h5 21. Ra2 g4 22. Rb2
Rb8 23. Qb1 Nh7 24. Nd2 Rxb2 25. Qxb2 Ng5 26. h4 g3 27. Bg1 Nh7 28. Qb8 Bf6 29.
Na2 Bxh4 30. Rxh4 Qxh4 31. Qxc8+ Kg7 32. Qxa6 Qh1 33. Qf1 h4 34. Ba7 Qxf1+ 35.
Kxf1 Rf8 36. Nc3 Ng5 37. Nb5 Rc8 38. Bb6 h3 39. gxh3 Rh8 40. Nxc7 Rxh3 41. a6
Rh2 42. Ne6+ Nxe6 43. dxe6 d5 44. exd5 Rxd2 45. a7 e4 46. a8=Q exf3 47. Bd4+
Kh7 48. Qh8+ Kg6 49. Qf6+ Kh5 50. Qf5+ 1-0

[Event "Strmilov 2004"]
[Site "?"]
[Date "2004.05.07"]
[Round "5"]
[White "Lechtyn sky, Jiri"]
[Black "Klima, Lukas"]
[Result "1/2-1/2"]
[WhiteElo "2431"]
[BlackElo "2426"]
[PlyCount "76"]

1. Nf3 Nf6 2. c4 g6 3. b3 Bg7 4. Bb2 d6 5. d4 O-O 6. g3 Bf5 7. Bg2 Qc8 8. Nc3
Bh3 9. O-O Bxg2 10. Kxg2 c6 11. e4 Nbd7 12. Qe2 e5 13. d5 c5 14. Ne1 a6 15. a4
Nh5 16. Nd3 Qe8 17. Rae1 f5 18. f4 Qf7 19. fxe5 Nxe5 20. exf5 gxf5 21. Nf4
Nxf4+ 22. gxf4 Ng6 23. Qe6 Rfe8 24. Qxf7+ Kxf7 25. Kf3 Nh4+ 26. Kg3 Bf6 27.
Rxe8 Rxe8 28. Nd1 Rg8+ 29. Kh3 Ng6 30. Bxf6 Kxf6 31. Nc3 Re8 32. Kg3 Re3+ 33.
Rf3 Re1 34. Kf2 Rh1 35. h3 Rh2+ 36. Kf1 Rb2 37. Ne2 Rb1+ 38. Kf2 Rb2 1/2-1/2

[Event "Strmilov 2004"]
[Site "?"]
[Date "2004.05.07"]
[Round "5"]
[White "Pahorecky st., Jiri"]
[Black "Snorek, Milan"]
[Result "1-0"]
[WhiteElo "1752"]
[BlackElo "2164"]
[PlyCount "109"]

1. e4 e5 2. Nf3 Nf6 3. Nc3 Bb4 4. Bc4 O-O 5. d3 c6 6. O-O Bxc3 7. bxc3 d5 8.
exd5 cxd5 9. Bb5 a6 10. Ba4 Bg4 11. Ba3 Qa5 12. Bxf8 Kxf8 13. Bb3 e4 14. dxe4
dxe4 15. Qd6+ Kg8 16. Bxf7+ Kxf7 17. Ne5+ Kg8 18. Nxg4 Nxg4 19. Qe6+ Kf8 20.
Qxg4 Nc6 21. Qxe4 h6 22. Rfe1 Qxc3 23. Rad1 Kg8 24. Qe6+ Kh8 25. Qb3 Qf6 26.
Qxb7 Rf8 27. Qb6 a5 28. Rd3 Rb8 29. Qc5 Rb2 30. Qc3 Rxa2 31. Qxf6 gxf6 32. Rd7
Ne5 33. Rc7 Ra4 34. f4 Rxf4 35. Rd1 Rg4 36. Rd8+ Rg8 37. Rxg8+ Kxg8 38. Ra7 Nc6
39. Ra6 Nb4 40. Rxf6 a4 41. c4 a3 42. c5 a2 43. Rf1 Kg7 44. g3 Kg6 45. Kg2 Kg5
46. Ra1 Kf5 47. c6 Ke6 48. Kf3 Kd6 49. Kg4 Kxc6 50. Kh5 Kd5 51. Kxh6 Kc4 52. h4
Kb3 53. h5 Nc2 54. Rxa2 Kxa2 55. Kg6 1-0

[Event "Strmilov 2004"]
[Site "?"]
[Date "2004.05.07"]
[Round "5"]
[White "Pahorecky ml., Jiri"]
[Black "Malirsky, Josef"]
[Result "1-0"]
[WhiteElo "1946"]
[BlackElo "1477"]
[PlyCount "31"]

1. e4 c5 2. Nf3 e6 3. d4 cxd4 4. Nxd4 Nf6 5. Nc3 Bb4 6. e5 Ne4 7. Qg4 Nxc3 8.
Qxg7 Nd5+ 9. c3 Rf8 10. cxb4 Nxb4 11. Nb5 d5 12. Bg5 Qa5 13. Nd6+ Kd7 14. Qxf8
Nc2+ 15. Kd1 Nd4 16. Qxc8# 1-0

[Event "Strmilov 2004"]
[Site "?"]
[Date "2004.05.07"]
[Round "5"]
[White "Pekarovic, Jaroslav"]
[Black "Muzikar, Jan"]
[Result "1-0"]
[WhiteElo "1888"]
[BlackElo "1970"]
[PlyCount "49"]

1. e4 d5 2. exd5 Nf6 3. d4 Nxd5 4. c4 Nf6 5. Nc3 g6 6. Nf3 Bg7 7. h3 O-O 8. Be3
Re8 9. Qd2 Bf5 10. O-O-O c6 11. Nh4 Be6 12. g4 b5 13. d5 b4 14. dxe6 Qxd2+ 15.
Bxd2 bxc3 16. exf7+ Kxf7 17. Bxc3 Na6 18. Bg2 Rac8 19. Nf3 Nc5 20. Ne5+ Kf8 21.
Bxc6 Rxc6 22. Nxc6 Rc8 23. Nxa7 Ra8 24. Nb5 Nce4 25. Kb1 1-0

[Event "Strmilov 2004"]
[Site "?"]
[Date "2004.05.07"]
[Round "5"]
[White "Rodling, Robert"]
[Black "Dolezal, Jiri"]
[Result "1/2-1/2"]
[WhiteElo "1830"]
[BlackElo "2222"]
[PlyCount "97"]

1. d4 Nf6 2. c4 e6 3. Nf3 b6 4. g3 Bb7 5. Bg2 Be7 6. O-O O-O 7. Nc3 Ne4 8. Qc2
Nxc3 9. Qxc3 c5 10. Rd1 Bf6 11. Be3 Qe7 12. Ne5 Bxg2 13. Kxg2 d6 14. Ng4 Qb7+
15. f3 Be7 16. dxc5 bxc5 17. h4 Nc6 18. Rab1 f5 19. Nf2 Bf6 20. Qd2 Rad8 21.
Bg5 Nd4 22. Nd3 e5 23. Rf1 h6 24. Bxf6 Rxf6 25. b4 Qe7 26. e3 Ne6 27. b5 Rg6
28. Rh1 Rf8 29. a4 f4 30. exf4 exf4 31. g4 Qb7 32. Nf2 Nd4 33. Qd3 Re6 34. Ne4
Rfe8 35. Rbe1 Qf7 36. Rhf1 Qe7 37. g5 Kh8 38. Rh1 Nf5 39. Kf2 Ng3 40. Rhg1 hxg5
41. hxg5 Re5 42. Rg2 Qe6 43. Rh2+ Kg8 44. Nf6+ Kf7 45. Nxe8 Rxe1 46. Nxd6+ Ke7
47. Nc8+ Kf7 48. Nd6+ Ke7 49. Nc8+ 1/2-1/2

[Event "Strmilov 2004"]
[Site "?"]
[Date "2004.05.07"]
[Round "5"]
[White "Ruzicka, Vojtech"]
[Black "Hruby, Milan"]
[Result "1/2-1/2"]
[WhiteElo "1772"]
[BlackElo "2108"]
[PlyCount "77"]

1. e4 e5 2. Nf3 Nc6 3. Bb5 Nf6 4. O-O Bc5 5. Nc3 O-O 6. d3 d6 7. h3 h6 8. Ne2
Ne7 9. Be3 Bb6 10. Nh4 d5 11. Bxb6 axb6 12. exd5 Nfxd5 13. Ng3 Qd6 14. a3 Qc5
15. Bc4 Qd4 16. Nhf5 Qf4 17. Bxd5 Nxd5 18. Qf3 Qxf3 19. gxf3 Re8 20. Kh2 Kh7
21. Rg1 g6 22. Ne3 Nf4 23. Ng4 Kg7 24. h4 Bd7 25. Rae1 f6 26. Ne3 Bc6 27. Ne4
Kf7 28. Ng4 f5 29. Nxh6+ Ke6 30. Ng5+ Kf6 31. Nhf7 Re7 32. Kg3 Rae8 33. Re3
Rxf7 34. Nxf7 Kxf7 35. Rge1 Kf6 36. d4 Nh5+ 37. Kh2 e4 38. fxe4 Rxe4 39. Rxe4
1/2-1/2

[Event "Strmilov 2004"]
[Site "?"]
[Date "2004.05.07"]
[Round "5"]
[White "Slajs, Vlastimil"]
[Black "Blazek, Jiri"]
[Result "0-1"]
[WhiteElo "1925"]
[BlackElo "2173"]
[PlyCount "74"]

1. d4 Nf6 2. c4 c5 3. d5 e6 4. Nc3 exd5 5. cxd5 d6 6. e4 g6 7. f4 Bg7 8. Bb5+
Nfd7 9. a4 Qh4+ 10. g3 Qe7 11. Nf3 O-O 12. O-O a6 13. Bd3 Nf6 14. Re1 Bh3 15.
e5 dxe5 16. fxe5 Ng4 17. Bf4 c4 18. Bxc4 Nd7 19. d6 Qd8 20. Nd5 Re8 21. Qd4
Ndxe5 22. Rxe5 Nxe5 23. Bxe5 Rxe5 24. Nxe5 Qxd6 25. Re1 Re8 26. Qf2 Rxe5 27.
Rxe5 Bxe5 28. b4 Kg7 29. Qd2 Qd7 30. Qd3 f6 31. a5 Qa4 32. Kf2 Qd1 33. Qe2 Bd4+
34. Ne3 Qh1 35. Qd3 Qxh2+ 36. Kf3 Bxe3 37. Kxe3 Qxg3+ 0-1

[Event "Strmilov 2004"]
[Site "?"]
[Date "2004.05.07"]
[Round "5"]
[White "Steinhauser, Dominik"]
[Black "Straka, Zdenek"]
[Result "0-1"]
[WhiteElo "1753"]
[BlackElo "1913"]
[PlyCount "54"]

1. e4 g6 2. d4 Bg7 3. Nc3 d6 4. Be3 c6 5. f3 Nd7 6. Qd2 Qc7 7. O-O-O b5 8. d5
b4 9. Nb1 c5 10. f4 a5 11. Nf3 a4 12. a3 Rb8 13. c3 Ngf6 14. e5 Ne4 15. Qd3 f5
16. exf6 Ndxf6 17. Ng5 Nxg5 18. fxg5 Bf5 19. Qa6 Ng4 20. Bb5+ Kd8 21. Rhe1 Bxb1
22. Kxb1 bxa3 23. Qxa4 axb2 24. Kxb2 Nxe3 25. Rxe3 Qb7 26. Qa5+ Kc8 27. Kc2
Qxb5 0-1

[Event "Strmilov 2004"]
[Site "?"]
[Date "2004.05.07"]
[Round "5"]
[White "Volf, Miloslav"]
[Black "Divis, Jan"]
[Result "1/2-1/2"]
[WhiteElo "1475"]
[BlackElo "1717"]
[PlyCount "114"]

1. e4 e6 2. d4 d5 3. Nc3 dxe4 4. Nxe4 Nd7 5. Nf3 h6 6. Bd3 Ngf6 7. O-O Be7 8.
c3 b6 9. Nxf6+ Bxf6 10. Be4 Rb8 11. Qa4 Bb7 12. Bxb7 Rxb7 13. Qc6 Qc8 14. Bf4
O-O 15. Ne5 Nb8 16. Qf3 Bxe5 17. Bxe5 Nd7 18. Rad1 Rb8 19. Bf4 f6 20. Qg3 Kh7
21. Bxc7 Rb7 22. Bd6 Re8 23. Rfe1 Nf8 24. Bxf8 Rxf8 25. Qd6 Re8 26. Qf4 Rbe7
27. Qe4+ f5 28. Qd3 g6 29. Re5 Kg7 30. Rde1 Kf7 31. b4 Rc7 32. R1e3 Rd7 33. Rh3
h5 34. Qe3 Rd5 35. Qe2 Rxe5 36. dxe5 Rd8 37. Re3 Qd7 38. h3 Qd1+ 39. Kh2 Qxe2
40. Rxe2 Rd3 41. Rc2 g5 42. c4 Rd4 43. f3 f4 44. a3 Kg6 45. c5 bxc5 46. Rxc5
Rd7 47. b5 Kf5 48. a4 g4 49. fxg4+ hxg4 50. hxg4+ Kxg4 51. Rc4 Rh7+ 52. Kg1 Kg3
53. Rc3+ Kg4 54. a5 Rb7 55. Rb3 Rc7 56. Rb1 Kg3 57. b6 axb6 1/2-1/2

[Event "Strmilov 2004"]
[Site "?"]
[Date "2004.05.07"]
[Round "5"]
[White "Vybiral, Zdenek"]
[Black "Karlicek, Pavel"]
[Result "1-0"]
[WhiteElo "2233"]
[BlackElo "1953"]
[PlyCount "65"]

1. c4 e5 2. Nc3 Nf6 3. g3 d5 4. cxd5 Nxd5 5. Bg2 Be6 6. Nf3 Nc6 7. d3 Be7 8.
O-O O-O 9. Nxd5 Bxd5 10. Be3 f5 11. Qa4 a6 12. Rac1 Kh8 13. Bc5 Rg8 14. Nxe5
Nxe5 15. Bxe7 Qxe7 16. Bxd5 Rgb8 17. Qf4 c6 18. Bg2 Rf8 19. Qe3 Qf6 20. Qb6
Rab8 21. d4 Nf7 22. d5 Qe5 23. e3 cxd5 24. Rfd1 Rbc8 25. Rxc8 Rxc8 26. Qxb7 Nd6
27. Qxd5 Qxd5 28. Rxd5 Rd8 29. b4 g6 30. Bf1 Kg7 31. Bxa6 Kf6 32. Bf1 Ke7 33.
a4 1-0

[Event "Strmilov 2004"]
[Site "?"]
[Date "2004.05.07"]
[Round "6"]
[White "Bartos, Alois"]
[Black "Pekarovic, Jaroslav"]
[Result "1-0"]
[WhiteElo "2015"]
[BlackElo "1888"]
[PlyCount "59"]

1. e4 c5 2. Nf3 Nc6 3. d4 cxd4 4. Nxd4 g6 5. c4 Bg7 6. Be3 Nf6 7. Nc3 O-O 8.
Be2 d6 9. h3 Ne8 10. O-O Nc7 11. Qd2 Ne6 12. Nc2 Nc7 13. Rac1 f5 14. exf5 Bxf5
15. b3 Qd7 16. Nd4 Nxd4 17. Bxd4 Bxd4 18. Qxd4 e5 19. Qe3 b6 20. Rcd1 Qe7 21.
Rd2 Rad8 22. Rfd1 Be6 23. Bf3 Kg7 24. Bc6 Bd7 25. Rxd6 Bxc6 26. Rxc6 Rxd1+ 27.
Nxd1 Na6 28. Nc3 Re8 29. Nb5 Nb4 30. Rc7 1-0

[Event "Strmilov 2004"]
[Site "?"]
[Date "2004.05.07"]
[Round "6"]
[White "Beter, Arnost"]
[Black "Steinhauser, Dominik"]
[Result "1-0"]
[WhiteElo "1941"]
[BlackElo "1753"]
[PlyCount "49"]

1. e4 c5 2. Nf3 d6 3. b3 Nc6 4. Bb2 Nf6 5. Nc3 g6 6. Bb5 Bg7 7. d3 O-O 8. Bxc6
bxc6 9. O-O Bb7 10. Nd2 e5 11. f4 exf4 12. Rxf4 Re8 13. Rb1 Nd7 14. Nc4 Ne5 15.
Ne2 Nxc4 16. bxc4 Bh6 17. Bf6 Qc7 18. Rf1 d5 19. e5 Ba6 20. cxd5 cxd5 21. Nf4
Qc6 22. Qf3 Qa4 23. Nxd5 Qxc2 24. Ne7+ Rxe7 25. Qxa8+ 1-0

[Event "Strmilov 2004"]
[Site "?"]
[Date "2004.05.07"]
[Round "6"]
[White "Blazek, Jiri"]
[Black "Piza, Vlastimil"]
[Result "1/2-1/2"]
[WhiteElo "2173"]
[BlackElo "2278"]
[PlyCount "67"]

1. d4 Nf6 2. c4 g6 3. Nc3 Bg7 4. e4 d6 5. Be2 O-O 6. Bg5 Na6 7. Qd2 e5 8. d5
Qe8 9. h4 Nc5 10. f3 Nh5 11. g4 Nf4 12. h5 h6 13. Bxf4 exf4 14. hxg6 fxg6 15.
O-O-O a5 16. Nh3 Qe5 17. Nf2 a4 18. Kc2 Bd7 19. Nd3 Nxd3 20. Bxd3 g5 21. a3 Ra6
22. Kb1 Rb6 23. Ka2 Ra8 24. Rb1 Be8 25. Rh2 c6 26. Rhh1 Qd4 27. Ne2 Qc5 28. Nc3
Rb3 29. Rhc1 Qd4 30. Rd1 Qc5 31. Rdc1 Be5 32. Be2 Qa5 33. c5 Qxc5 34. Nxa4
1/2-1/2

[Event "Strmilov 2004"]
[Site "?"]
[Date "2004.05.07"]
[Round "6"]
[White "Cvek, Robert"]
[Black "Lechtynsky, Jiri"]
[Result "1/2-1/2"]
[WhiteElo "2467"]
[BlackElo "2431"]
[PlyCount "83"]
[EventDate "2004.05.08"]

1. Nf3 Nf6 2. c4 c6 3. d4 d5 4. Nc3 dxc4 5. a4 Na6 6. e3 Be6 7. Ng5 Qd7 8. Nxe6
Qxe6 9. a5 Nd5 10. Bxc4 Nxe3 11. Bxe6 Nxd1 12. Bc4 Nxc3 13. bxc3 e6 14. Rb1
O-O-O 15. Bg5 Rd7 16. Bxa6 bxa6 17. Ke2 Bd6 18. c4 h6 19. Be3 Rb7 20. Rxb7 Kxb7
21. Rb1+ Ka8 22. d5 cxd5 23. cxd5 exd5 24. Rd1 Kb7 25. Rxd5 Kc6 26. Rf5 f6 27.
Kd3 Rb8 28. Bd2 Be5 29. Rh5 Rd8+ 30. Ke2 g6 31. Rh4 h5 32. f4 Bc7 33. f5 gxf5
34. Rxh5 Rd5 35. Rh7 Bxa5 36. Bxa5 Rxa5 37. Rxa7 Kd5 38. Kf3 Ke5 39. Re7+ Kd6
40. Ra7 Ke5 41. Re7+ Kd6 42. Ra7 1/2-1/2

[Event "Strmilov 2004"]
[Site "?"]
[Date "2004.05.07"]
[Round "6"]
[White "Dolezal, Jiri"]
[Black "Straka, Zdenek"]
[Result "1-0"]
[WhiteElo "2222"]
[BlackElo "1913"]
[PlyCount "79"]

1. d4 Nf6 2. Nf3 e6 3. c4 d5 4. Nc3 c6 5. e3 Nbd7 6. Bd3 Be7 7. O-O dxc4 8.
Bxc4 b5 9. Bb3 Bb7 10. Re1 a6 11. e4 c5 12. d5 c4 13. Bc2 Bc5 14. dxe6 fxe6 15.
Ng5 Qb6 16. Be3 h6 17. Bxc5 Nxc5 18. Nh3 O-O 19. e5 Rad8 20. Qe2 Nd5 21. Nxd5
Bxd5 22. Rad1 Qb7 23. Qg4 g5 24. f4 Rd7 25. fxg5 hxg5 26. Nxg5 Rg7 27. h4 Qa7
28. Qd4 Qe7 29. Rf1 Rxf1+ 30. Rxf1 Nd3 31. Bxd3 cxd3 32. Rf6 Bxa2 33. Qxd3 Qc5+
34. Kh1 Bd5 35. Qd2 b4 36. Qf4 a5 37. h5 Bxg2+ 38. Kxg2 Qc2+ 39. Kh3 Qc5 40. h6
1-0

[Event "Strmilov 2004"]
[Site "?"]
[Date "2004.05.07"]
[Round "6"]
[White "Havlik, Jan"]
[Black "Vybiral, Zdenek"]
[Result "1/2-1/2"]
[WhiteElo "2121"]
[BlackElo "2233"]
[PlyCount "49"]

1. e4 c6 2. d4 d5 3. exd5 cxd5 4. Bd3 Nc6 5. c3 Nf6 6. Bf4 Bg4 7. Nf3 e6 8.
Nbd2 Bd6 9. Bxd6 Qxd6 10. O-O O-O 11. Qe1 Nd7 12. h3 Bh5 13. Nh2 e5 14. dxe5
Ndxe5 15. Bc2 Rfe8 16. Qb1 h6 17. Nb3 d4 18. cxd4 Nxd4 19. Nxd4 Qxd4 20. g4
Bxg4 21. hxg4 Nxg4 22. Qd1 Nxh2 23. Kxh2 Qh4+ 24. Kg2 Qg5+ 25. Kh3 1/2-1/2

[Event "Strmilov 2004"]
[Site "?"]
[Date "2004.05.07"]
[Round "6"]
[White "Hruby, Milan"]
[Black "Hadrava, Jaroslav"]
[Result "1/2-1/2"]
[WhiteElo "2108"]
[BlackElo "1864"]
[PlyCount "67"]

1. e4 d6 2. d4 Nf6 3. Nc3 g6 4. Bg5 Bg7 5. Qd2 h6 6. Bh4 c6 7. O-O-O O-O 8. f4
Qc7 9. Nf3 b5 10. Bd3 b4 11. Ne2 a5 12. Bxf6 exf6 13. f5 Ba6 14. fxg6 fxg6 15.
Nf4 Qf7 16. Kb1 g5 17. Ne2 Bxd3 18. Qxd3 a4 19. g4 Na6 20. Ng3 Rfb8 21. Nf5 b3
22. cxb3 Nb4 23. Qc3 Nxa2 24. Kxa2 Rxb3 25. Qxc6 Rxf3+ 26. Qd5 Qxd5+ 27. exd5
a3 28. Rhf1 axb2+ 29. Kxb2 Rh3 30. Rf2 Rha3 31. Rdf1 R3a5 32. Nxd6 Rxd5 33. Nf5
Bf8 34. Kc3 1/2-1/2

[Event "Strmilov 2004"]
[Site "?"]
[Date "2004.05.07"]
[Round "6"]
[White "Karlicek, Pavel"]
[Black "Petkov, Andon"]
[Result "1-0"]
[WhiteElo "1953"]
[BlackElo "1770"]
[PlyCount "65"]

1. e4 d5 2. exd5 Qxd5 3. Nc3 Qa5 4. d4 Nf6 5. Bd2 Qb6 6. Nf3 Bg4 7. Be2 c6 8.
Na4 Qc7 9. Ne5 Bxe2 10. Qxe2 e6 11. f4 Be7 12. f5 exf5 13. O-O Qd6 14. Qd3 g6
15. a3 O-O 16. Rae1 Qc7 17. Bh6 Rd8 18. Rxf5 Qd6 19. Rf4 Bf8 20. Bg5 Bg7 21.
Ref1 Nh5 22. Bxd8 Nxf4 23. Rxf4 Qxd8 24. Nxf7 Qc7 25. Ne5 Bxe5 26. dxe5 Na6 27.
Qc4+ Kg7 28. e6 Qe5 29. Rf7+ Kh8 30. e7 Nc7 31. Rf8+ Kg7 32. Qf7+ Kh6 33. Rxa8
1-0

[Event "Strmilov 2004"]
[Site "?"]
[Date "2004.05.07"]
[Round "6"]
[White "Klima, Lukas"]
[Black "Gross, David"]
[Result "1/2-1/2"]
[WhiteElo "2413"]
[BlackElo "2426"]
[PlyCount "25"]

1. e4 e5 2. Nf3 Nc6 3. Bb5 a6 4. Ba4 Nf6 5. O-O Be7 6. Re1 b5 7. Bb3 d6 8. d3
O-O 9. h3 Bb7 10. d4 Re8 11. Ng5 Rf8 12. Nf3 Re8 13. Ng5 1/2-1/2

[Event "Strmilov 2004"]
[Site "?"]
[Date "2004.05.07"]
[Round "6"]
[White "Lauko, Marian"]
[Black "Cifka, Stanislav"]
[Result "0-1"]
[WhiteElo "1886"]
[BlackElo "2262"]
[PlyCount "84"]

1. d4 e6 2. c4 Nf6 3. Nf3 Bb4+ 4. Bd2 Qe7 5. a3 Bxd2+ 6. Qxd2 d6 7. Nc3 O-O 8.
e3 e5 9. d5 a5 10. b3 c5 11. e4 h6 12. g3 Nh7 13. Bg2 f5 14. exf5 Bxf5 15. Nh4
Ng5 16. Nxf5 Rxf5 17. O-O Nf3+ 18. Bxf3 Rxf3 19. Rab1 Nd7 20. Kg2 Rf5 21. Rbe1
Raf8 22. f3 b6 23. Re3 R8f7 24. g4 R5f6 25. Ne4 Rf4 26. Ng3 Qf8 27. Qe2 Nf6 28.
h3 Nh7 29. Ne4 Qe7 30. Ng3 Qf8 31. Nh5 Rd4 32. Ng3 Qd8 33. Ne4 Nf8 34. Ng3 Ng6
35. Nh5 Qg5 36. Qe1 Nh4+ 37. Kh1 Rd1 38. Qxd1 Qxe3 39. Ng3 Rxf3 40. Rxf3 Nxf3
41. Qf1 e4 42. Nf5 Qd2 0-1

[Event "Strmilov 2004"]
[Site "?"]
[Date "2004.05.07"]
[Round "6"]
[White "Malirsky, Josef"]
[Black "Divis, Jan"]
[Result "1-0"]
[WhiteElo "1477"]
[BlackElo "1717"]
[PlyCount "139"]

1. e4 g6 2. d4 Bg7 3. Bc4 d6 4. Nf3 Nf6 5. Nc3 O-O 6. O-O c5 7. d5 Bg4 8. Be2
Nbd7 9. Ne1 Bxe2 10. Qxe2 a6 11. a4 Rc8 12. f4 c4 13. Be3 Qa5 14. Nf3 Ng4 15.
Bd4 Bxd4+ 16. Nxd4 Ngf6 17. Kh1 Qb6 18. Qd2 Qa5 19. Rfe1 Rfe8 20. f5 Kg7 21.
fxg6 hxg6 22. Qg5 Rh8 23. Nf5+ Kf8 24. Nh6 Kg7 25. Nf5+ Kf8 26. Ng3 e5 27. Rf1
Qd8 28. a5 Nh5 29. Qxg6 Nxg3+ 30. Qxg3 Qh4 31. Qxh4 Rxh4 32. g3 Rh7 33. Na4 Nc5
34. Nc3 Ke7 35. Rf3 Nd7 36. Na4 Nf6 37. Re1 Rch8 38. h4 Nd7 39. Ree3 Rc8 40.
Nb6 Nxb6 41. axb6 Rc5 42. Rc3 Rh8 43. b4 cxb3 44. Rxc5 dxc5 45. Rxb3 Rg8 46.
Kg2 Kd6 47. c4 a5 48. Ra3 Ra8 49. h5 Ke7 50. g4 f6 51. Kg3 Kf7 52. Kh4 Ra6 53.
g5 fxg5+ 54. Kxg5 Ra8 55. Kf5 Rh8 56. Kxe5 Rxh5+ 57. Kd6 Kf6 58. Kxc5 Ke5 59.
Rxa5 Kxe4 60. Ra7 Rh7 61. d6 Rh5+ 62. Kb4 Rh7 63. c5 Kd5 64. Kb5 Rh1 65. Ra4
Rb1+ 66. Rb4 Rd1 67. d7 Ke6 68. c6 Rd5+ 69. Kc4 bxc6 70. b7 1-0